MESTSKÁ KNIŽNICA GIRALTOVCE  - online katalóg 

Přeměněný les (Record no. 15264)

000 -NÁVESTIE
fixed length control field 00843nam a2200253 a 4500
008 - ÚDAJE S PEVNOU DĹŽKOU – VŠEOBECNÉ INFORMÁCIE
fixed length control field 010316s1996 m yxo aap r yy 0 cze c
020 ## - MEDZINÁRODNÉ ŠTANDARDNÉ ČÍSLO KNIHY (ISBN)
Medzinárodné štandardné číslo knihy (ISBN) 8088699088
Údaje o dostupnosti 10
040 ## - ZDROJ KATALOGIZÁCIE
Pôvodná katalogizujúca agentúra SNK
Jazyk katalogizácie slo
Prepisujúca agentúra SNK
Konvencie popisu AACR2
044 ## - KÓD KRAJINY VYDAVATEĽA/PRODUCENTA
Kód krajiny MARC xo
Kód krajiny ISO SK
080 ## - ČÍSLO MEDZINÁRODNÉHO DESATINNÉHO TRIEDENIA (MDT)
Číslo Medzinárodného desatinného triedenia (MDT) 630*2:504=850
041 ## - KÓD JAZYKA
Kód jazyka textu/zvukovej stopy alebo samostatných nápisov slo
100 1# - OSOBNÉ MENÁ – VŠEOBECNÉ INFORMÁCIE
Osobné meno Maser, Chris
240 10 - UNIFIKOVANÝ NÁZOV
Unifikovaný názov The redesigned forest
Jazyk diela Česky
245 10 - NÁZOV
Názov Přeměněný les
Údaj o zodpovednosti atď. Chris Maser ; [z anglického originálu přeložil Jiří Holuša]
260 ## - VYDAVATEĽSKÉ ÚDAJE, DISTRIBÚCIA ATĎ.
Miesto publikovania, distribúcie atď. Tulčík
Dátum publikovania, distribúcie atď. 1996
Názov vydavateľa, distibútora atď. ABIES
300 ## - FYZICKÝ POPIS
Rozsah 321 s.
Ďalšie fyzické detaily fotogr., sch., tab.
Rozmery 21 cm
500 ## - VŠEOBECNÁ POZNÁMKA
Formátovaná poznámka o obsahu Údaj o prekl. prevzatý z rubu tit. strany
504 ## -
-- Bibliogr. s. 295-321. Reg.
650 07 - PRIDANÝ VSTUP – PREDMET – TEMATICKÉ HESLO
Tematické heslo alebo geografický názov ako vstupný prvok les
Všeobecný pododdiel pestovanie
-- rozvoj trvalo udržateľný
-- monografie
Zdroj hesla alebo termínu SNK
700 1# - PRIDANÝ VSTUP – OSOBNÉ MENO
Osobné meno Holuša, Jiří
Kód roly prk
730 ## -
-- The redesigned forest
765 0# - VÄZBA NA PÔVODNÝ JAZYK
Názov The redesigned forest
Záhlavie hlavného vstupu Maser, Chris
958 ## - Formálny deskriptor
Formálny deskriptor APP
Holdings
Stav stiahnutia (Blokovanie) (Withrawn status) Stav straty Stav poškodenia (Damaged status) Nie pre výpožičky (Not for loan) Spôsob nadobudnutia (Collection code) Trvalé umiestnenie Aktuálne umiestnenie Dátum nadobudnutia Náklady, bežná kúpna cena Inventárne číslo (prírastkové číslo) Full call number Dátum posledného výskytu Cena s účinnosťou od Typ jednotky Koha
        Kúpa Mestská knižnica Giraltovce Mestská knižnica Giraltovce 2019-11-29 10.00 14299 I 0339 2019-11-29 2019-11-29 Odborná literatúra pre dospelých

Powered by Koha